| 000 | 00654nam a2200181Ia 4500 | ||
|---|---|---|---|
| 003 | LDD | ||
| 008 | 190327s9999 xx 000 0 und d | ||
| 020 |
_a9788189917791 _c495 |
||
| 040 | _cLDD | ||
| 082 | _a8S2.09 स7601म | ||
| 100 | _aसहाय, साधना | ||
| 245 | 0 | _aमहाकवि भवभूति के नाटकों का भाषा-वैज्ञानिक अध्ययन | |
| 260 |
_aनई दिल्ली _bविश्वभारती पब्लिकेशन्स _c2011 |
||
| 300 | _a143पृ. | ||
| 500 | _aGifted by : साधना सहाय | ||
| 942 |
_2ddc _cBK |
||
| 949 | _aG014292 | ||
| 999 |
_c192985 _d192985 |
||